000 00698nam a2200193 i 4500
001 184616
003 ES-MaACL
005 20230906222235.0
008 151027s1936 sp |||| | spa d
100 0 _aCrisógono de Jesús Sacramentado (
_d1904-1945)
_941621
245 1 0 _aSanta Teresa de Jesús
_b: su vida y su doctrina /
_cpor Crisógono de Jesús Sacramentado.
260 _aBarcelona :
_bLabor,
_c1936.
300 _a266 p. :
_b8 lám. ;
_c19 cm.
490 1 _aColección Pro Ecclesia et Patria ;
_v10
600 0 0 _aTeresa de Jesús,
_cSanta,
_d1515-1582
_9226510
830 0 _aColección Pro Ecclesia et Patria ;
_v10
_9192193
852 _aES-MaACL
_jC-29143
999 _c184616
_d184616